[Event "Scarborough CC Howard Ridout op U1700"]
[Site "Toronto CAN"]
[Date "2008.09.11"]
[Round "1"]
[White "Xie, Peter"]
[Black "Farrant-Diaz, Nathan"]
[Result "0-1"]
[WhiteElo "1404"]
[BlackElo "1609"]
[PlyCount "90"]
[GameId "2160767910319816"]
[EventDate "2008.09.11"]
[EventType "swiss"]
[EventRounds "7"]
[EventCountry "CAN"]
[SourceTitle "EXT 2011"]
[Source "ChessBase"]
[SourceDate "2011.11.26"]
[SourceVersion "1"]
[SourceVersionDate "2011.11.26"]
[SourceQuality "1"]

1. e4 b6 2. d3 Bb7 3. Nc3 e6 4. Nge2 Bb4 5. a3 Bxc3+ 6. Nxc3 Nf6 7. Bg5 h6 8. Bxf6 Qxf6 9. Qf3 Qxf3 10. gxf3 Nc6 11. Nb5 O-O-O 12. c4 a6 13. Nc3 Nd4 14. Be2 Nc2+ 15. Kd2 Nxa1 16. Rxa1 d5 17. cxd5 exd5 18. Rg1 d4 19. Nd1 g6 20. b3 b5 21. Nb2 Rhe8 22. a4 Rd6 23. Bf1 Re5 24. a5 Rh5 25. h3 Rc6 26. Nd1 Rhc5 27. b4 Rc2+ 28. Ke1 Rc1 29. h4 R6c3 30. Kd2 R1c2+ 31. Ke1 Rb3 32. h5 Rc6 33. hxg6 Rxg6 34. Rh1 Kd8 35. Rh5 Rxb4 36. Rf5 f6 37. Bh3 c6 38. Rf4 Ra4 39. Rg4 Rxg4 40. Bxg4 b4 41. Nb2 Ra1+ 42. Kd2 b3 43. Be6 Rb1 44. Na4 b2 45. Bh3 Rd1+ 0-1

[Event "Scarborough CC Howard Ridout op U1700"]
[Site "Toronto CAN"]
[Date "2008.09.18"]
[Round "2"]
[White "Azmitia, Gabriel"]
[Black "Brammall, Stuart"]
[Result "0-1"]
[WhiteElo "1415"]
[BlackElo "1580"]
[PlyCount "82"]
[GameId "2160767739985441"]
[EventDate "2008.09.11"]
[EventType "swiss"]
[EventRounds "7"]
[EventCountry "CAN"]
[SourceTitle "EXT 2011"]
[Source "ChessBase"]
[SourceDate "2011.11.26"]
[SourceVersion "1"]
[SourceVersionDate "2011.11.26"]
[SourceQuality "1"]

1. d4 f5 2. g3 Nf6 3. Bg2 g6 4. Nd2 d5 5. f3 Bg7 6. c3 O-O 7. Nh3 Nc6 8. Nf2 e5 9. dxe5 Nxe5 10. O-O Qe7 11. Nb3 h6 12. Be3 b6 13. f4 Nc4 14. Bxd5+ Nxd5 15. Qxd5+ Be6 16. Qf3 c5 17. Bc1 Rad8 18. e4 Qb7 19. Re1 fxe4 20. Qe2 Rfe8 21. Be3 Nxe3 22. Qxe3 a5 23. Rad1 a4 24. Nc1 Rxd1 25. Rxd1 Bd7 26. b3 b5 27. Rd2 b4 28. cxb4 Bd4 29. Rxd4 cxd4 30. Qxd4 e3 31. Nfd3 Bh3 32. Ne1 Re4 33. Qd6 Kh7 34. bxa4 Qxb4 35. Qxb4 Rxb4 36. a5 Ra4 37. Ng2 e2 38. Nxe2 Rxa2 39. Kf2 Bxg2 40. Ke3 Rxa5 41. Kd4 Kg7 {- 4.13} 0-1

[Event "Scarborough CC Howard Ridout op U1700"]
[Site "Toronto CAN"]
[Date "2008.09.18"]
[Round "2"]
[White "Ward, Dean"]
[Black "Xia, Linda"]
[Result "0-1"]
[WhiteElo "1644"]
[BlackElo "1533"]
[PlyCount "70"]
[GameId "2160767739985442"]
[EventDate "2008.09.11"]
[EventType "swiss"]
[EventRounds "7"]
[EventCountry "CAN"]
[SourceTitle "EXT 2011"]
[Source "ChessBase"]
[SourceDate "2011.11.26"]
[SourceVersion "1"]
[SourceVersionDate "2011.11.26"]
[SourceQuality "1"]

1. e4 e5 2. Bc4 Nf6 3. Nc3 Bb4 4. Nge2 Nc6 5. a3 Bc5 6. Ng3 d6 7. h3 a6 8. d3 h6 9. Nf5 Bxf5 10. exf5 Nd4 11. g4 d5 12. Ba2 c6 13. b4 Bd6 14. Be3 Nb5 15. Nxb5 axb5 16. Bb3 Qe7 17. c3 e4 18. g5 hxg5 19. Bxg5 exd3+ 20. Kf1 Qe4 21. Qe1 Be5 22. Qxe4 Nxe4 23. f4 Nd2+ 24. Kf2 Bxc3 25. Rae1+ Ne4+ 26. Rxe4+ dxe4 27. Rc1 Bd4+ 28. Kg2 Rxa3 29. Bd1 Ra2+ 30. Kg3 d2 31. Rc2 Rxc2 32. Bxc2 e3 33. Bd1 c5 34. bxc5 b4 35. Kg2 f6 {- 15.41} 0-1

[Event "Scarborough CC Howard Ridout op U1700"]
[Site "Toronto CAN"]
[Date "2008.09.18"]
[Round "2"]
[White "Zhang, Yuanchen"]
[Black "Xie, Peter"]
[Result "0-1"]
[WhiteElo "912"]
[BlackElo "1404"]
[PlyCount "36"]
[GameId "2160767910319817"]
[EventDate "2008.09.11"]
[EventType "swiss"]
[EventRounds "7"]
[EventCountry "CAN"]
[SourceTitle "EXT 2011"]
[Source "ChessBase"]
[SourceDate "2011.11.26"]
[SourceVersion "1"]
[SourceVersionDate "2011.11.26"]
[SourceQuality "1"]

1. e4 e5 2. Nf3 Nc6 3. Bc4 Nf6 4. Ng5 d5 5. exd5 Na5 6. Bb5+ c6 7. dxc6 bxc6 8. Ba4 h6 9. Nf3 e4 10. Ne5 Qd5 11. d4 Ba6 12. b4 Bxb4+ 13. c3 Bd6 14. Bf4 g5 15. Bg3 h5 16. f3 e3 17. f4 Qxg2 18. Rf1 Qxf1# 0-1

[Event "Scarborough CC Howard Ridout op U1700"]
[Site "Toronto CAN"]
[Date "2008.09.25"]
[Round "3"]
[White "Ben Avraham, Mark"]
[Black "Xia, Linda"]
[Result "0-1"]
[WhiteElo "1472"]
[BlackElo "1533"]
[PlyCount "56"]
[GameId "2160767910319818"]
[EventDate "2008.09.11"]
[EventType "swiss"]
[EventRounds "7"]
[EventCountry "CAN"]
[SourceTitle "EXT 2011"]
[Source "ChessBase"]
[SourceDate "2011.11.26"]
[SourceVersion "1"]
[SourceVersionDate "2011.11.26"]
[SourceQuality "1"]

1. e4 e5 2. Bc4 Nf6 3. d4 exd4 4. Nf3 Nc6 5. O-O d6 6. Bg5 Be7 7. Re1 O-O 8. Nxd4 Ne5 9. Bb3 a5 10. c3 a4 11. Bc2 Bd7 12. Nd2 Re8 13. N2f3 Bg4 14. Bxa4 Nxf3+ 15. gxf3 Bd7 16. Bc2 Bh3 17. Qd3 Nh5 18. Bd2 Qd7 19. e5 g6 20. Kh1 Bh4 21. Re2 c5 22. e6 fxe6 23. Nb5 Bf5 24. Qxd6 Qxb5 25. Re5 Rad8 26. Qc7 Bxc2 27. Rxh5 gxh5 28. Rg1+ Bg6 0-1

[Event "Scarborough CC Howard Ridout op U1700"]
[Site "Toronto CAN"]
[Date "2008.09.25"]
[Round "3"]
[White "Brammall, Stuart"]
[Black "Gaffney, Kevin"]
[Result "1-0"]
[WhiteElo "1580"]
[BlackElo "1496"]
[PlyCount "71"]
[GameId "2160767910319819"]
[EventDate "2008.09.11"]
[EventType "swiss"]
[EventRounds "7"]
[EventCountry "CAN"]
[SourceTitle "EXT 2011"]
[Source "ChessBase"]
[SourceDate "2011.11.26"]
[SourceVersion "1"]
[SourceVersionDate "2011.11.26"]
[SourceQuality "1"]

1. e4 e5 2. Nf3 Nc6 3. Bc4 Nf6 4. d3 Be7 5. O-O O-O 6. c3 a6 7. Bb3 d5 8. Nbd2 Bg4 9. Qe2 Qd6 10. Rd1 Rad8 11. Nf1 Qd7 12. h3 Bh5 13. Ng3 Bg6 14. Bg5 dxe4 15. dxe4 Qe8 16. Nh4 Nd7 17. Nxg6 hxg6 18. Qg4 Nc5 19. Rxd8 Nxd8 20. Bc2 Nde6 21. Be3 Qc6 22. Rd1 Rd8 23. Rxd8+ Bxd8 24. h4 Be7 25. h5 Nf8 26. h6 Ncd7 27. hxg7 Nh7 28. Bb3 Nc5 29. Bd5 Qf6 30. b4 Na4 31. Bh6 c6 32. Bb3 Nxc3 33. Qd7 Nf8 34. Qe8 Qd6 35. Qxf7+ Kh7 36. gxf8=Q# 1-0

[Event "Scarborough CC Howard Ridout op U1700"]
[Site "Toronto CAN"]
[Date "2008.09.25"]
[Round "3"]
[White "Morra, Lui"]
[Black "Termeer, Ted"]
[Result "1-0"]
[WhiteElo "1637"]
[BlackElo "1486"]
[PlyCount "81"]
[GameId "2160767910319820"]
[EventDate "2008.09.11"]
[EventType "swiss"]
[EventRounds "7"]
[EventCountry "CAN"]
[SourceTitle "EXT 2011"]
[Source "ChessBase"]
[SourceDate "2011.11.26"]
[SourceVersion "1"]
[SourceVersionDate "2011.11.26"]
[SourceQuality "1"]

1. e4 e5 2. Nf3 d6 3. Bc4 h6 4. h3 Nf6 5. Nc3 a6 6. a4 b6 7. O-O Bb7 8. Qe2 Be7 9. d4 exd4 10. Nxd4 Nc6 11. Nf5 Kf8 12. Bf4 a5 13. Rad1 Qe8 14. Bb5 Qc8 15. Rfe1 Ne5 16. Qe3 g5 17. Bh2 g4 18. Bxe5 dxe5 19. hxg4 Nxg4 20. Qf3 h5 21. Rd7 Bc5 22. Nd6 Qxd7 23. Bxd7 cxd6 24. Be6 Bxf2+ 25. Kh1 Rh7 26. Rf1 Ke7 27. Bc4 Rf8 28. Rxf2 Nxf2+ 29. Qxf2 Rc8 30. Bb5 Rc5 31. Qf5 Rg7 32. Qd7+ Kf6 33. Qxb7 Kg6 34. Qxb6 Rc8 35. Qxd6+ f6 36. Nd5 Rf8 37. Qxf8 Rf7 38. Be8 Kg5 39. Qxf7 Kh4 40. Kh2 f5 41. Qxh5# 1-0

[Event "Scarborough CC Howard Ridout op U1700"]
[Site "Toronto CAN"]
[Date "2008.09.25"]
[Round "3"]
[White "Philip, Andrew"]
[Black "Rogers, Michael"]
[Result "1-0"]
[WhiteElo "1586"]
[BlackElo "1374"]
[PlyCount "76"]
[GameId "2160767910319821"]
[EventDate "2008.09.11"]
[EventType "swiss"]
[EventRounds "7"]
[EventCountry "CAN"]
[SourceTitle "EXT 2011"]
[Source "ChessBase"]
[SourceDate "2011.11.26"]
[SourceVersion "1"]
[SourceVersionDate "2011.11.26"]
[SourceQuality "1"]

1. d4 Nf6 2. Bg5 Ne4 3. Bf4 d5 4. f3 Nf6 5. Nd2 Bf5 6. e3 e6 7. Ne2 c5 8. c3 Nc6 9. g4 Bg6 10. h4 h5 11. g5 Nh7 12. Bh3 Bd6 13. Bg3 Bxg3+ 14. Nxg3 Qd6 15. f4 O-O-O 16. Nf3 c4 17. Ne5 Nxe5 18. fxe5 Qb6 19. Rh2 f6 20. gxf6 gxf6 21. Bf1 fxe5 22. Nxh5 exd4 23. exd4 Nf8 24. Nf4 Bf5 25. Qe2 Qc7 26. Qe5 Qe7 27. Qxh8 Ng6 28. Nxg6 Bxg6 29. Qe5 Rf8 30. O-O-O Qh7 31. Qxe6+ Kc7 32. Qxd5 Qh6+ 33. Rhd2 Bf7 34. Qe5+ Qd6 35. Rf2 b5 36. Bh3 Qxe5 37. dxe5 Kb6 38. Rd6+ Kb7 1-0

[Event "Scarborough CC Howard Ridout op U1700"]
[Site "Toronto CAN"]
[Date "2008.09.25"]
[Round "3"]
[White "Pishdad, Hassan"]
[Black "Dattani, Dinesh"]
[Result "1/2-1/2"]
[WhiteElo "1352"]
[BlackElo "1273"]
[PlyCount "85"]
[GameId "2160767910319822"]
[EventDate "2008.09.11"]
[EventType "swiss"]
[EventRounds "7"]
[EventCountry "CAN"]
[SourceTitle "EXT 2011"]
[Source "ChessBase"]
[SourceDate "2011.11.26"]
[SourceVersion "1"]
[SourceVersionDate "2011.11.26"]
[SourceQuality "1"]

1. e4 e5 2. Nf3 Nc6 3. Bc4 Nf6 4. d3 Be7 5. Nc3 Na5 6. Nxe5 Nxc4 7. Nxc4 d5 8. exd5 Nxd5 9. Nxd5 Qxd5 10. O-O O-O 11. Re1 Be6 12. Ne3 Qc5 13. c3 Bf6 14. a4 Rad8 15. d4 Qc6 16. Ng4 Be7 17. Ne5 Qd5 18. Bf4 Bd6 19. c4 Qa5 20. d5 Bb4 21. Re2 c6 22. Qd4 cxd5 23. cxd5 Rxd5 24. Qe4 Rfd8 25. h4 Rd4 26. Qf3 f6 27. Nc6 bxc6 28. Rxe6 Qf5 29. Qb3 Kf8 30. g3 c5 31. Kh2 g5 32. hxg5 fxg5 33. Be3 Rd3 34. Qc4 Rd2 35. Qa6 Rxf2+ 36. Bxf2 Qxf2+ 37. Kh3 Qf5+ 38. Kg2 Rd2+ 39. Re2 Qe4+ 40. Kf2 Qf5+ 41. Kg2 Qe4+ 42. Kf2 Qf5+ 43. Kg2 1/2-1/2

[Event "Scarborough CC Howard Ridout op U1700"]
[Site "Toronto CAN"]
[Date "2008.09.25"]
[Round "3"]
[White "Xie, Peter"]
[Black "Karpik, Steve"]
[Result "1/2-1/2"]
[WhiteElo "1404"]
[BlackElo "1542"]
[PlyCount "84"]
[GameId "2160767910319823"]
[EventDate "2008.09.11"]
[EventType "swiss"]
[EventRounds "7"]
[EventCountry "CAN"]
[SourceTitle "EXT 2011"]
[Source "ChessBase"]
[SourceDate "2011.11.26"]
[SourceVersion "1"]
[SourceVersionDate "2011.11.26"]
[SourceQuality "1"]

1. e4 d6 2. d4 Nf6 3. Nc3 g6 4. h3 Bg7 5. Nf3 O-O 6. Bg5 c6 7. Bd3 Re8 8. O-O Nbd7 9. Qe2 Qc7 10. e5 dxe5 11. dxe5 Nd5 12. Nxd5 cxd5 13. Bf4 e6 14. Rac1 Nc5 15. c4 Nxd3 16. Qxd3 dxc4 17. Qxc4 Qxc4 18. Rxc4 Bd7 19. Rc7 Bc6 20. Ng5 Rf8 21. Rd1 h6 22. Nf3 Rad8 23. Nd4 Rd5 24. Rd2 Rfd8 25. Nxc6 bxc6 26. Rxd5 Rxd5 27. Rc8+ Kh7 28. Rxc6 g5 29. Bg3 Rd2 30. Rc7 Kg6 31. Rxa7 h5 32. h4 gxh4 33. Bf4 Rxb2 34. a4 Rb4 35. g3 hxg3 36. fxg3 h4 37. Kg2 hxg3 38. Kxg3 Rb3+ 39. Kh4 Rb4 40. Kg3 Rb3+ 41. Kh4 Rb4 42. Kg3 Rb3+ 1/2-1/2

[Event "Scarborough CC Howard Ridout op U1700"]
[Site "Toronto CAN"]
[Date "2008.10.02"]
[Round "4"]
[White "Dattani, Dinesh"]
[Black "Morra, Lui"]
[Result "0-1"]
[WhiteElo "1273"]
[BlackElo "1637"]
[PlyCount "90"]
[GameId "2160767910319824"]
[EventDate "2008.09.11"]
[EventType "swiss"]
[EventRounds "7"]
[EventCountry "CAN"]
[SourceTitle "EXT 2011"]
[Source "ChessBase"]
[SourceDate "2011.11.26"]
[SourceVersion "1"]
[SourceVersionDate "2011.11.26"]
[SourceQuality "1"]

1. d4 Nf6 2. c4 g6 3. Nc3 Bg7 4. e4 d6 5. Nf3 c5 6. Be3 cxd4 7. Nxd4 Nc6 8. Be2 O-O 9. O-O Bd7 10. Qd2 Re8 11. Rfd1 Ng4 12. Bxg4 Bxg4 13. f3 Bd7 14. Nde2 Ne5 15. b3 Rc8 16. Bxa7 b6 17. Nd5 e6 18. Bxb6 Qh4 19. Bf2 Qh5 20. Ng3 Qh6 21. Qxh6 Bxh6 22. Nb6 Rc7 23. Rxd6 Bg7 24. Bd4 Rd8 25. Rd1 Bf8 26. Bxe5 Bxd6 27. Rxd6 Kf8 28. Nxd7+ Rcxd7 29. Rxd7 Rxd7 30. c5 Rd2 31. a4 Rd3 32. b4 Ke8 33. Ne2 Kd7 34. Nd4 Ke7 35. c6 f6 36. c7 Kd7 37. Bxf6 Kxc7 38. Nxe6+ Kb6 39. Bd4+ Kc6 40. a5 Kd6 41. Bc5+ Kxe6 42. b5 Kd7 43. b6 Kc6 44. a6 Rd8 45. Bf2 Rd1+ 0-1

[Event "Scarborough CC Howard Ridout op U1700"]
[Site "Toronto CAN"]
[Date "2008.10.02"]
[Round "4"]
[White "Ward, Dean"]
[Black "Pishdad, Hassan"]
[Result "1-0"]
[WhiteElo "1644"]
[BlackElo "1352"]
[PlyCount "53"]
[GameId "2160767910319825"]
[EventDate "2008.09.11"]
[EventType "swiss"]
[EventRounds "7"]
[EventCountry "CAN"]
[SourceTitle "EXT 2011"]
[Source "ChessBase"]
[SourceDate "2011.11.26"]
[SourceVersion "1"]
[SourceVersionDate "2011.11.26"]
[SourceQuality "1"]

1. e4 c5 2. Nf3 d6 3. d4 cxd4 4. Nxd4 e5 5. Nb3 Nf6 6. Nc3 a6 7. a4 Nc6 8. Be2 Be6 9. Be3 Bxb3 10. cxb3 Be7 11. O-O O-O 12. Kh1 Qd7 13. Nd5 Nxd5 14. exd5 Nb4 15. a5 Rac8 16. Bc4 Qf5 17. Ra4 Nxd5 18. Qxd5 Bg5 19. Bxg5 Qxg5 20. Qxb7 Qf6 21. Qxa6 e4 22. Qb7 e3 23. Kg1 Rxc4 24. bxc4 e2 25. Re1 Qd4 26. Qe7 Qd1 27. Ra1 1-0

[Event "Scarborough CC Howard Ridout op U1700"]
[Site "Toronto CAN"]
[Date "2008.10.02"]
[Round "4"]
[White "Xia, Linda"]
[Black "Brammall, Stuart"]
[Result "0-1"]
[WhiteElo "1533"]
[BlackElo "1580"]
[PlyCount "122"]
[GameId "2160767910319826"]
[EventDate "2008.09.11"]
[EventType "swiss"]
[EventRounds "7"]
[EventCountry "CAN"]
[SourceTitle "EXT 2011"]
[Source "ChessBase"]
[SourceDate "2011.11.26"]
[SourceVersion "1"]
[SourceVersionDate "2011.11.26"]
[SourceQuality "1"]

1. d4 f5 2. c4 d6 3. Nc3 Nf6 4. Nf3 g6 5. Bg5 Bg7 6. e3 O-O 7. Bd3 Qe8 8. O-O e5 9. dxe5 dxe5 10. Be2 c6 11. Qb3 h6 12. Bxf6 Bxf6 13. c5+ Kh7 14. Rad1 Nd7 15. Qa3 e4 16. Nd4 Ne5 17. Nb3 Bd8 18. Nd2 Be6 19. Qb4 Qf7 20. a4 a5 21. Qa3 Bc7 22. b3 Rad8 23. f4 Nd3 24. Rb1 Nxf4 25. Ndxe4 Nxe2+ 26. Nxe2 Qe7 27. N4c3 Bd5 28. Nxd5 Rxd5 29. b4 Re5 30. Rf3 Re8 31. Rb3 Qd7 32. Rd3 Rd5 33. Rxd5 Qxd5 34. Nd4 axb4 35. Qxb4 Re7 36. Kf2 Qa2+ 37. Ne2 Qc2 38. Qd4 Qe4 39. Qxe4 Rxe4 40. Nd4 Ba5 41. g4 Rxg4 42. Rf4 Rxf4+ 43. exf4 Bb4 44. Ne6 Kg8 45. Nd8 Bxc5+ 46. Ke2 Bb4 47. Nxb7 Bc3 48. a5 Bd4 49. Kd3 Bg1 50. h3 g5 51. Nd6 g4 52. Nxf5 gxh3 53. Ng3 Kf7 54. a6 Kf6 55. Ke2 Ba7 56. Kf1 Kg6 57. f5+ Kg5 58. Ne4+ Kxf5 59. Nd6+ Kg4 60. Ne4 Kf3 61. Nd2+ Kf4 0-1

[Event "Scarborough CC Howard Ridout op U1700"]
[Site "Toronto CAN"]
[Date "2008.10.02"]
[Round "4"]
[White "Yin, Zining"]
[Black "Xie, Peter"]
[Result "1/2-1/2"]
[WhiteElo "1285"]
[BlackElo "1404"]
[PlyCount "139"]
[GameId "2160767910319827"]
[EventDate "2008.09.11"]
[EventType "swiss"]
[EventRounds "7"]
[EventCountry "CAN"]
[SourceTitle "EXT 2011"]
[Source "ChessBase"]
[SourceDate "2011.11.26"]
[SourceVersion "1"]
[SourceVersionDate "2011.11.26"]
[SourceQuality "1"]

1. e4 e5 2. Nf3 Nc6 3. Bb5 a6 4. Ba4 Nf6 5. O-O Be7 6. Re1 O-O 7. c3 b5 8. Bb3 d6 9. h3 Na5 10. Bc2 c5 11. d4 Nc6 12. dxc5 dxc5 13. Nbd2 Qb6 14. a4 Bb7 15. a5 Qc7 16. Nf1 Rad8 17. Qe2 Nxa5 18. Ng3 Nc4 19. b3 Nd6 20. Nxe5 Bxe4 21. Nxe4 Ndxe4 22. Bxe4 Nxe4 23. Qxe4 Bf6 24. Rxa6 Rfe8 25. Rxf6 gxf6 26. Qg4+ Kh8 27. Bh6 Rg8 28. Qf5 Qe7 29. Nf3 Qd6 30. b4 cxb4 31. cxb4 Rb8 32. g4 Rb6 33. Qe4 Rbb8 34. Qe7 Qc6 35. Nd4 Qb6 36. Nxb5 Rb7 37. Qe8 Rb8 38. Qxf7 Rb7 39. Re7 Rxe7 40. Qxe7 Qa6 41. Nd6 Qa1+ 42. Kg2 Qa8+ 43. Qb7 Qxb7+ 44. Nxb7 Rb8 45. Nc5 Rxb4 46. Nd7 f5 47. f4 fxg4 48. hxg4 Kg8 49. Kg3 Kf7 50. g5 Rb1 51. f5 Rg1+ 52. Kf4 Rf1+ 53. Ke5 Re1+ 54. Kd6 Rd1+ 55. Kc6 Rc1+ 56. Nc5 Rf1 57. f6 Rxf6+ 58. gxf6 Kxf6 59. Be3 h5 60. Ne4+ Ke5 61. Nf2 Ke6 62. Kc5 Ke5 63. Bg5 Kf5 64. Bd8 Ke5 65. Kc4 Kf4 66. Kd3 Kg3 67. Ke3 h4 68. Bc7+ Kg2 69. Ke2 Kg1 70. Kf3 1/2-1/2

[Event "Scarborough CC Howard Ridout op U1700"]
[Site "Toronto CAN"]
[Date "2008.10.09"]
[Round "5"]
[White "Brammall, Stuart"]
[Black "Ward, Dean"]
[Result "1-0"]
[WhiteElo "1580"]
[BlackElo "1644"]
[PlyCount "73"]
[GameId "2160767910319828"]
[EventDate "2008.09.11"]
[EventType "swiss"]
[EventRounds "7"]
[EventCountry "CAN"]
[SourceTitle "EXT 2011"]
[Source "ChessBase"]
[SourceDate "2011.11.26"]
[SourceVersion "1"]
[SourceVersionDate "2011.11.26"]
[SourceQuality "1"]

1. e4 c5 2. Nf3 d6 3. d4 cxd4 4. Nxd4 Nf6 5. Nc3 g6 6. Be3 Bg7 7. f3 Nc6 8. Qd2 O-O 9. Bc4 Na5 10. Bb3 Nxb3 11. Nxb3 a6 12. a4 Nd7 13. Bh6 Ne5 14. Bxg7 Kxg7 15. Qd4 Kg8 16. f4 Nc6 17. Qd2 b6 18. O-O Bb7 19. Rae1 b5 20. Kh1 b4 21. Nd5 a5 22. Ne3 e6 23. Rd1 Ne7 24. Qd4 d5 25. e5 Bc6 26. Nc5 Nf5 27. Nxf5 gxf5 28. Rf3 Kh8 29. Rdd3 Qh4 30. Rh3 Qe1+ 31. Qg1 Qe2 32. Qd1 Qf2 33. Rxh7+ Kxh7 34. Qh5+ Kg7 35. Qg5+ Kh7 36. Rh3+ Qh4 37. Rxh4# 1-0

[Event "Scarborough CC Howard Ridout op U1700"]
[Site "Toronto CAN"]
[Date "2008.10.09"]
[Round "5"]
[White "Jizan, Masoud"]
[Black "Dattani, Dinesh"]
[Result "1-0"]
[WhiteElo "1617"]
[BlackElo "1273"]
[PlyCount "69"]
[GameId "2160767910319829"]
[EventDate "2008.09.11"]
[EventType "swiss"]
[EventRounds "7"]
[EventCountry "CAN"]
[SourceTitle "EXT 2011"]
[Source "ChessBase"]
[SourceDate "2011.11.26"]
[SourceVersion "1"]
[SourceVersionDate "2011.11.26"]
[SourceQuality "1"]

1. e4 e5 2. Nf3 Nc6 3. Bc4 Nf6 4. Nc3 Be7 5. d4 exd4 6. Nxd4 O-O 7. Be3 d6 8. h3 Re8 9. Qf3 Na5 10. Bd3 Nd7 11. Qg3 Bf6 12. O-O-O Nc6 13. Nf5 Bxc3 14. bxc3 Qf6 15. Bh6 g6 16. Bd2 Qe5 17. f4 Qe6 18. Kb1 Nf6 19. Nh6+ Kg7 20. f5 Qe5 21. Qf3 Nxe4 22. Bxe4 Qxe4 23. f6+ Kf8 24. Qg3 Bf5 25. Rc1 Qe5 26. Nxf5 Qxf5 27. Rhf1 Qb5+ 28. Ka1 Ne5 29. Qg5 Re6 30. Qh6+ Ke8 31. Qxh7 Kd7 32. g4 Nc4 33. Rb1 Qe5 34. Qxf7+ Kc6 35. Rfe1 1-0

[Event "Scarborough CC Howard Ridout op U1700"]
[Site "Toronto CAN"]
[Date "2008.10.09"]
[Round "5"]
[White "Morra, Lui"]
[Black "Xia, Linda"]
[Result "0-1"]
[WhiteElo "1637"]
[BlackElo "1533"]
[PlyCount "80"]
[GameId "2160767910319830"]
[EventDate "2008.09.11"]
[EventType "swiss"]
[EventRounds "7"]
[EventCountry "CAN"]
[SourceTitle "EXT 2011"]
[Source "ChessBase"]
[SourceDate "2011.11.26"]
[SourceVersion "1"]
[SourceVersionDate "2011.11.26"]
[SourceQuality "1"]

1. e4 e5 2. Nf3 Nf6 3. Nxe5 d6 4. Nf3 Nxe4 5. d3 Nf6 6. d4 Be6 7. Bd3 Be7 8. O-O O-O 9. c4 Re8 10. Ng5 Bf8 11. Nxe6 Rxe6 12. Bg5 h6 13. Bh4 d5 14. Nc3 Be7 15. Qb3 Rb6 16. Qa4 dxc4 17. Bxc4 Rb4 18. Bxf7+ Kxf7 19. Qc2 Rxd4 20. Bg3 Nc6 21. Qb3+ Kf8 22. Qxb7 Rc4 23. Rad1 Qc8 24. Qb3 Rb4 25. Qc2 Rab8 26. b3 Nd4 27. Qd2 Nf5 28. Bf4 Rd4 29. Qc1 Rbb4 30. Be5 Rxd1 31. Rxd1 Nd6 32. Qe3 Qe6 33. Qc5 Rb7 34. a4 Qxb3 35. a5 Nde4 36. Qe3 Nxc3 37. Bxc3 Qxd1+ 38. Qe1 Rb1 39. h3 Qd3 40. Qxb1 Qxb1+ 0-1

[Event "Scarborough CC Howard Ridout op U1700"]
[Site "Toronto CAN"]
[Date "2008.10.09"]
[Round "5"]
[White "Pishdad, Hassan"]
[Black "Karpik, Steve"]
[Result "1-0"]
[WhiteElo "1352"]
[BlackElo "1542"]
[PlyCount "83"]
[GameId "2160767910319831"]
[EventDate "2008.09.11"]
[EventType "swiss"]
[EventRounds "7"]
[EventCountry "CAN"]
[SourceTitle "EXT 2011"]
[Source "ChessBase"]
[SourceDate "2011.11.26"]
[SourceVersion "1"]
[SourceVersionDate "2011.11.26"]
[SourceQuality "1"]

1. e4 d6 2. Bc4 Nf6 3. Nc3 g6 4. d3 Bg7 5. Nge2 O-O 6. h3 c6 7. Bg5 d5 8. Bxf6 dxc4 9. Bxg7 Kxg7 10. d4 e6 11. Qd2 Nd7 12. O-O-O Nb6 13. Kb1 Qd7 14. Qf4 Qe7 15. h4 h5 16. Qg3 Rd8 17. Nf4 Kh7 18. Rh2 e5 19. Nfe2 exd4 20. Rxd4 Rxd4 21. Nxd4 Qc5 22. Nde2 Qe7 23. f3 Be6 24. Nf4 Rd8 25. Rh1 Qd6 26. Qg5 Na4 27. Nxe6 Nxc3+ 28. bxc3 fxe6 29. e5 Qd2 30. Qe7+ Kh6 31. g4 g5 32. Qxe6+ Kh7 33. hxg5 Kg7 34. Qf6+ Kg8 35. e6 Qd1+ 36. Rxd1 Rxd1+ 37. Kb2 Rd5 38. Qf7+ Kh8 39. g6 Rb5+ 40. Kc1 Rb1+ 41. Kxb1 hxg4 42. Qf8# 1-0

[Event "Scarborough CC Howard Ridout op U1700"]
[Site "Toronto CAN"]
[Date "2008.10.09"]
[Round "5"]
[White "Rogers, Michael"]
[Black "Yie, Kevin Yi Xiao"]
[Result "1-0"]
[WhiteElo "1374"]
[BlackElo "848"]
[PlyCount "42"]
[GameId "2160767910319832"]
[EventDate "2008.09.11"]
[EventType "swiss"]
[EventRounds "7"]
[EventCountry "CAN"]
[SourceTitle "EXT 2011"]
[Source "ChessBase"]
[SourceDate "2011.11.26"]
[SourceVersion "1"]
[SourceVersionDate "2011.11.26"]
[SourceQuality "1"]

1. e4 c5 2. Nf3 Nc6 3. d4 b6 4. Nc3 Bb7 5. Bf4 Nf6 6. Qd2 g6 7. Bc4 e6 8. O-O-O d6 9. Bb3 Bg7 10. g4 h6 11. Rhg1 Qc7 12. Nb5 Qd7 13. Nxd6+ Kd8 14. dxc5 bxc5 15. Nxf7+ Ke8 16. Nd6+ Kf8 17. Nxb7 Qxb7 18. Qd6+ Kg8 19. g5 Qe7 20. Qxc6 Nh5 21. Be5 Kh7 1-0

[Event "Scarborough CC Howard Ridout op U1700"]
[Site "Toronto CAN"]
[Date "2008.10.09"]
[Round "5"]
[White "Xie, Peter"]
[Black "Gu, Liwen"]
[Result "1/2-1/2"]
[WhiteElo "1404"]
[BlackElo "918"]
[PlyCount "116"]
[GameId "2160767910319833"]
[EventDate "2008.09.11"]
[EventType "swiss"]
[EventRounds "7"]
[EventCountry "CAN"]
[SourceTitle "EXT 2011"]
[Source "ChessBase"]
[SourceDate "2011.11.26"]
[SourceVersion "1"]
[SourceVersionDate "2011.11.26"]
[SourceQuality "1"]

1. e4 c5 2. Nf3 d6 3. d4 cxd4 4. Nxd4 Nf6 5. Nc3 g6 6. Bg5 Bg7 7. Nf3 Nbd7 8. Qc1 O-O 9. Bh6 Nc5 10. Bxg7 Kxg7 11. Bd3 Bd7 12. O-O Rc8 13. Rd1 Qb6 14. Nd5 Nxd5 15. exd5 Nxd3 16. Rxd3 Bf5 17. Rb3 Qc5 18. c4 b6 19. Qc3+ Kg8 20. Rc1 e5 21. h3 Qc7 22. Qd2 Qe7 23. Re3 Qf6 24. b3 Rc7 25. Qe2 g5 26. Nd2 Bg6 27. Ne4 Qe7 28. Rg3 h6 29. Rf3 f5 30. Nc3 e4 31. Re1 Qf6 32. Nxe4 Qe5 33. Nd2 Qxe2 34. Rxe2 Bh5 35. g4 fxg4 36. Rxf8+ Kxf8 37. hxg4 Bxg4 38. f3 Bf5 39. Ne4 Bg6 40. Nf6 Re7 41. Rxe7 Kxe7 42. Ng8+ Kf8 43. Nxh6 Bb1 44. a4 Ba2 45. Nf5 Bxb3 46. Nxd6 Ke7 47. Nc8+ Kd7 48. Nxa7 Bxc4 49. d6 Kxd6 50. Nc8+ Kc5 51. Nxb6 Kxb6 52. Kf2 Ka5 53. Kg3 Be6 54. Kf2 Kxa4 55. Ke3 Bf5 56. Kd4 Kb4 57. Ke5 g4 58. fxg4 Bxg4 1/2-1/2